000 02137nam a2200277Ia 4500
003 CO-CtgCURN
005 20250502154544.0
008 190723s2006 xx 000 0 spa d
020 _a9789587111163
040 _aCO-CtgCURN
_bspa
_ccoctgcurn
082 _a344.01
_bI76d
100 _aIsaza Cadavid, Germán
_eautor
_94803
245 0 _aDerecho laboral aplicado :
_bderecho laboral general, derecho laboral individual, derecho laboral colectivo, derecho procesal laboral, régimen de seguridad social y de pensiones /
_cGermán Isaza Cadavid
250 _a10a. edición
260 _aBogotá, Colombia :
_bLeyer,
_c2006
300 _a830 páginas ;
_c25 centímetros
504 _aIncluye referencias bibliográficas
505 _apte. 1. Derecho laboral general -- Cap. 1. el trabajo y el derecho laboral -- Cap. 2. Los reglamentos de trabajo -- pte. 2. Derecho laboral individual -- Cap. 1. El contrato de trabajo -- Cap. 2. Jornada de trabajo y descansos obligatorios -- Cap. 3. régimen salarial -- Cap. 4. Las prestaciones sociales -- Cap. 5. El menor trabajador -- pte. 3. Derecho laboral colectivo -- Cap. 1. El derecho de asociacion sindical y su organizacion -- Cap. 2. Conflictos, convenciones y pactos colectivos de trabajo -- pte. 4. régimen de seguridad social y de pensiones -- Cap. 1. La seguridad social en Colombia -- Cap. 2. régimen de seguridad social en salud -- Cap. 3. Sistema general de pensiones -- Cap. 4. Sistema general de riesgos profesionales -- Cap. 5. protección a la maternidad -- pte. 5. Derecho procesal laboral -- Cap. 1. Ejercicio y prescripcion de acciones laborales -- Cap. 2. Jurisdiccion, competencias y administración de justicia laboral -- Cap. 3. El proceso laboral -- Cap. 4. El proceso ordinario laboral -- Cap. 5. Procesos laborales especiales.
521 _aAREA PROFESIONAL
590 _aPrograma de Derecho_18
650 _aDerecho laboral
_94804
650 _aSeguridad social
_94805
942 _cBK
_h344.01
_iI76d
_05
_2ddc
_n0
999 _c28641
_d28641